| 000 | 00927nas a2200289 4500 | ||
|---|---|---|---|
| 001 | BR8200949 | ||
| 003 | BR-BrBNA | ||
| 005 | 20231205085037.0 | ||
| 007 | ta | ||
| 008 | 230509b bl.|||p| |||| 00| 00por d | ||
| 040 |
_aBR-BrBNA _bpor _cBiblioteca Nacional de Agricultura |
||
| 041 | _a(Pt) | ||
| 072 | _aL73 | ||
| 100 | 1 | _aFreitas, M. do A.Q. de | |
| 100 | 1 | _aSantos, J.A. dos | |
| 100 | 1 | _aMagalhaes, H. | |
| 100 | 1 | _aCarvalho, E.C.Q. de | |
| 245 | 1 | _aAbscesso cerebral por Listeria monocytogenes em bovino [Listeriose; Bos taurus] | |
| 246 | 1 | _aCerebral abscess by Listeria monocytogenes in a cow [Listeriosis; Bos taurus] | |
| 650 | _aDoenca animal | ||
| 650 | _aBovino | ||
| 650 | _aListeriose | ||
| 650 | _aCerebro | ||
| 773 | 0 |
_tPesquisa Agropecuaria Brasileira (Brazil) _xISSN 0100-204X _g(Jan 1982), v. 17(1) p. 137-141 _wBR8200949 |
|
| 909 |
_a202311 _bLúcia _c55 _dLúcia Elande |
||
| 942 |
_2AGRIS _n0 _cANA |
||
| 999 |
_c108864 _d108864 |
||